| 000 | 00953nam a2200253Ia 4500 | ||
|---|---|---|---|
| 003 | OSt | ||
| 005 | 20221005112302.0 | ||
| 006 | a|||||r|||| 00| 0 | ||
| 007 | ta | ||
| 008 | 221004b |||||||| |||| 00| 0 pan d | ||
| 020 |
_a9788178564012 (hbk) _c200 |
||
| 024 | _a26976 | ||
| 037 |
_b985, 16/12/2015, H.K. Prakashan _cTextual |
||
| 040 |
_aCRL _cCRL _bpan |
||
| 041 |
_2pan _apan |
||
| 082 | _aO153,1M00:g, Q3 | ||
| 100 | _aਅਰਵਿੰਦਰ ਕੌਰ | ||
| 245 | 0 |
_aਹਾFਮ ਕਿੱਸਾ ਸੋਹਣੀ ਮਹੀ੍ਵਵਾਲ _b ਪਾਠ ਅਤੇ ਆਲੋਚਨਾ |
|
| 260 |
_aਅੰਮ੍ਰਿਤਸਰ _bਵਾਰਿਸ Fਾਹ ਖ਼ਾਉ੍ਵਡੇFਨ ਭਾਰਤ _c2013 |
||
| 300 |
_a112ਪੰ _ccm. |
||
| 650 | _aਭੱਜ਼ਾਂਸ਼. ਸਾਂFੲਛ | ||
| 942 |
_hO153,1M00:g, Q3 _cTEXL _2cc |
||
| 999 |
_c1024417 _d1024417 |
||